Do They Have Kids? - Statistics

General Stats
  • This quiz has been taken 22 times
  • The average score is 9 of 15
Answer Stats
Question Answer % Correct
Jennifer Aniston No
91%
Adolf Hitler No
86%
Xi Jinping Yes
82%
Al Capone Yes
77%
Dolly Parton No
73%
George Washington No
73%
Snoop Dogg Yes
68%
Bradley Cooper Yes
68%
Malcolm X Yes
64%
Florence Nightingale No
50%
Bob Barker No
45%
Ted Bundy Yes
32%
Daniel Radcliffe Yes
32%
Grigori Rasputin Yes
32%
Harriet Tubman No
27%
No matching quizzes found
Score Distribution
Percent of People with Each Score
Percentile by Number Answered
Your Score History
You have not taken this quiz